000 00320nam a22001457a 4500
020 _a0-7214-0914-8
082 _a823
_bMCC/V
100 _aMCCULLAGH, SHEILA
245 _aTHE VANISHING MONSTER
_bPUDDLE LANE
250 _a1
260 _aUK
_bLADYBIRD
300 _a45
650 _aENGLISH SHORT STORY
_zUK
942 _cBK
999 _c4139
_d4139